[Event "Marmelopolis op"]
[Site "Marmelopolis"]
[Date "2024.09.07"]
[Round "4"]
[White "Bezerra, Joao Henrique Olive"]
[Black "Goncalves, Matheus Machado"]
[Result "1-0"]
[WhiteElo "1757"]
[BlackElo "1819"]
[PlyCount "129"]
[EventDate "2024.09.06"]
[EventType "swiss"]
[EventRounds "6"]
[EventCountry "BRA"]
[SourceTitle "EXT 2025"]
[Source "ChessBase"]
[SourceDate "2024.10.14"]
[SourceVersion "1"]
[SourceVersionDate "2024.10.14"]
[SourceQuality "1"]

1. d4 d5 2. Bf4 Nf6 3. e3 Bf5 4. Nf3 c6 5. Bd3 Bxd3 6. Qxd3 e6 7. 0-0 Bd6 8. Bxd6 Qxd6 9. h3 0-0 10. Qb3 b6 11. Nbd2 Nbd7 12. Rac1 c5 13. c3 c4 14. Qc2 b5 15. e4 dxe4 16. Nxe4 Nxe4 17. Qxe4 Nf6 18. Qe5 Qa6 19. a3 Rad8 20. Qe2 Nd5 21. g3 Nb6 22. Qc2 h6 23. Ne5 Nd7 24. Rfe1 Nxe5 25. Rxe5 Rd5 26. Rce1 Rfd8 27. Rxd5 Rxd5 28. Qd2 Qd6 29. Re4 Rf5 30. Qe3 Qe7 31. Re5 Qg5 32. Qxg5 Rxg5 33. Rxg5 hxg5 34. Kg2 Kf8 35. Kf3 Ke7 36. Kg4 f6 37. f4 gxf4 38. Kxf4 Kd6 39. h4 g6 40. g4 Ke7 41. Ke4 Kd6 42. h5 f5+ 43. gxf5 exf5+ 44. Kf4 gxh5 45. Kxf5 h4 46. Kg4 h3 47. Kxh3 Kd5 48. Kg3 Ke4 49. Kf2 a6 50. Ke2 Kf4 51. Kd2 Ke4 52. Ke2 a5 53. b3 a4 54. bxc4 bxc4 55. Kd2 Kf4 56. d5 Ke5 57. Ke3 Kxd5 58. Kf4 Kc6 59. Ke5 Kc5 60. Ke4 Kb6 61. Kd5 Kb5 62. Kd4 Ka6 63. Kxc4 Ka5 64. Kc5 Ka6 65. Kb4 1-0

[Event "Marmelopolis op"]
[Site "Marmelopolis"]
[Date "2024.09.07"]
[Round "3"]
[White "Goncalves, Matheus Machado"]
[Black "Santana, Expedito"]
[Result "1/2-1/2"]
[WhiteElo "1819"]
[BlackElo "1595"]
[PlyCount "57"]
[EventDate "2024.09.06"]
[EventType "swiss"]
[EventRounds "6"]
[EventCountry "BRA"]
[SourceTitle "EXT 2025"]
[Source "ChessBase"]
[SourceDate "2024.10.14"]
[SourceVersion "1"]
[SourceVersionDate "2024.10.14"]
[SourceQuality "1"]

1. d4 d5 2. Bf4 c5 3. c3 Qb6 4. Qb3 Nf6 5. e3 cxd4 6. Qxb6 axb6 7. cxd4 Bf5 8. Nc3 Na6 9. Bb5+ Bd7 10. Bxd7+ Kxd7 11. Nf3 e6 12. Ne5+ Ke8 13. h3 Nb4 14. 0-0 Nc6 15. a3 Nd7 16. Nxd7 Kxd7 17. Rac1 Bd6 18. Ne2 Na5 19. Bxd6 Kxd6 20. Rc3 Rhc8 21. Rfc1 Rc4 22. b4 Rxc3 23. Nxc3 Nc4 24. a4 Kd7 25. Kf1 f5 26. Ke2 g5 27. g3 h5 28. f3 g4 29. h4 1/2-1/2